Human resource management

Αποθηκεύτηκε σε:
Λεπτομέρειες βιβλιογραφικής εγγραφής
Κύριος συγγραφέας: Mathis, Robert L. 1944-
Άλλοι συγγραφείς: Jackson, John Harold
Μορφή: Βιβλίο
Γλώσσα:English
Δημοσίευση: Mason, Ohio : Thomson/South-western, c2006
Έκδοση:11th ed.
Θέματα:
Ετικέτες: Προσθήκη ετικέτας
Δεν υπάρχουν, Καταχωρήστε ετικέτα πρώτοι!

MARC

LEADER 00000nam a2200000 i 4500
001 1/49848
008 070731s2006 eng d
020 |a 0-324-28958-8 (package) 
020 |a 0-324-28959-6 (book) 
020 |a 0-534-27494-3 (InfoTrac) 
035 |l 10089298 
040 |a GR-MY-UA  |b gre  |e aacr 
041 0 |a eng 
082 0 |a 658.3  |2 (22) 
100 1 |a Mathis, Robert L.  |d 1944- 
245 1 0 |a Human resource management /  |c Robert L. Mathis, John H. Jackson 
250 |a 11th ed. 
260 |a Mason, Ohio :   |b Thomson/South-western,   |c c2006 
300 |a xxv, 606 σ.;  |b εγχρ. εικ.;  |c 26 εκ. 
504 |a Περιλαμβάνει βιβλιογραφικές παραπομπές και ευρετήριο 
650 0 0 |a Personnel management. 
700 1 |a Jackson, John Harold. 
852 |a INST  |b CHIOS  |e 20070731  |h 658.3 MAT  |p 005200025857  |q 005200025857  |t BK  |y 0 
901 |a BIBL2-2007-2 
909 |a Χ  |b 137017 
922 |a 2ΕΛΗ  |b 200707  |c ΕΠΕΑΕΚ2/ΤΝΕΥ  |d ΠΑΠΑΣΩΤΗΡΙΟΥ 
970 |a ΒΑΣΙΛΑΚΗ  |b ΝΙΚΗ  |z 2007/07/31